My Genderless Boyfriend 5 (Titelsatznr. 1535)

[ MARC ]
MARC-Details
000 -LEADER
fixed length control field 02887nam a2200637 c 4500
001 - CONTROL NUMBER
control field 1947585193
003 - CONTROL NUMBER IDENTIFIER
control field DE-627
005 - DATE AND TIME OF LATEST TRANSACTION
control field 20260310163440.0
007 - PHYSICAL DESCRIPTION FIXED FIELD--GENERAL INFORMATION
fixed length control field cr uuu---uuuuu
008 - FIXED-LENGTH DATA ELEMENTS--GENERAL INFORMATION
fixed length control field 251226s2024 gw |||||o 00| ||ger c
020 ## - INTERNATIONAL STANDARD BOOK NUMBER
International Standard Book Number 9783646711844
Terms of availability EPUB
024 7# - OTHER STANDARD IDENTIFIER
Standard number or code urn:nbn:de:gbv:18-epflicht-304952
Source of number or code urn
035 ## - SYSTEM CONTROL NUMBER
System control number (DE-627)1947585193
035 ## - SYSTEM CONTROL NUMBER
System control number (DE-599)KEP122318668
035 ## - SYSTEM CONTROL NUMBER
System control number (EPFHH-CARLSEN)9783646711844_9783646711844
035 ## - SYSTEM CONTROL NUMBER
System control number (EPFHH)c60e09e0-872a-4e46-a3ae-128b630b873c
035 ## - SYSTEM CONTROL NUMBER
System control number (DE-627-1)122318668
040 ## - CATALOGING SOURCE
Original cataloging agency DE-627
Language of cataloging ger
Transcribing agency DE-627
Description conventions rda
041 ## - LANGUAGE CODE
Language code of text/sound track or separate title ger
Language code of original jpn
044 ## - COUNTRY OF PUBLISHING/PRODUCING ENTITY CODE
ISO country code XA-DE-HH
072 #7 - SUBJECT CATEGORY CODE
Subject category code 9182
Source wsb
082 04 - DEWEY DECIMAL CLASSIFICATION NUMBER
Classification number 741.5
Assigning agency DE-576
245 00 - TITLE STATEMENT
Title My Genderless Boyfriend 5
Remainder of title Humorvoller Manga ab 14 über das Aufbrechen von Geschlechterklischees
Statement of responsibility, etc. Tamekou, Anne Klink
250 ## - EDITION STATEMENT
Edition statement 1. Auflage
264 #1 - PRODUCTION, PUBLICATION, DISTRIBUTION, MANUFACTURE, AND COPYRIGHT NOTICE
Place of production, publication, distribution, manufacture Hamburg
Name of producer, publisher, distributor, manufacturer Hayabusa
Date of production, publication, distribution, manufacture, or copyright notice 2024
300 ## - PHYSICAL DESCRIPTION
Extent 1 Online-Ressource (176 S.)
Other physical details Illustrationen
336 ## - CONTENT TYPE
Content type term Text
Content type code txt
Source rdacontent
337 ## - MEDIA TYPE
Media type term Computermedien
Media type code c
Source rdamedia
338 ## - CARRIER TYPE
Carrier type term Online-Ressource
Carrier type code cr
Source rdacarrier
490 0# - SERIES STATEMENT
Series statement My Genderless Boyfriend
Volume/sequential designation 5
520 ## - SUMMARY, ETC.
Summary, etc. Einzigartige Liebesgeschichte über Influencer Meguru und seine große Liebe Wako! Für Meguru und Sasame wird es aufregend, denn das Filmdebüt mit ihnen in den Hauptrollen ist nun endlich im TV zu sehen! Wako ist wie immer Megurus größter Fan, der vor der Kamera eine Glanzleistung hinlegt. Doch der Film wird für die beiden »Unicorn Boys« zum Anlass, neue Wege einzuschlagen. Und auch für Wako tut sich überraschend eine berufliche Chance auf. Während die Zukunft der »Unicorn Boys« ungewiss ist, wird sich Meguru immer klarer über seine Wünsche und Ziele… Weitere Informationen: - Abgeschlossen in 5 Bänden Dies ist der Abschlussband des stylishen Feelgood-Mangas über ein bezauberndes Pärchen, das sich über alle Geschlechterklischees hinwegsetzt!
583 1# - ACTION NOTE
Action Archivierung/Langzeitarchivierung gewährleistet
Authorization PEHH
Action agent DE-576
Source of term pdager
Institution to which field applies DE-18
650 #4 - SUBJECT ADDED ENTRY--TOPICAL TERM
Topical term or geographic name entry element Gender
650 #4 - SUBJECT ADDED ENTRY--TOPICAL TERM
Topical term or geographic name entry element gender manga für jugendliche
650 #4 - SUBJECT ADDED ENTRY--TOPICAL TERM
Topical term or geographic name entry element LGBT für Teenager
650 #4 - SUBJECT ADDED ENTRY--TOPICAL TERM
Topical term or geographic name entry element hayabusa LGBTQ
650 #4 - SUBJECT ADDED ENTRY--TOPICAL TERM
Topical term or geographic name entry element queer Bücher deutsch
650 #4 - SUBJECT ADDED ENTRY--TOPICAL TERM
Topical term or geographic name entry element lgbtq bücher deutsch
650 #4 - SUBJECT ADDED ENTRY--TOPICAL TERM
Topical term or geographic name entry element Manga Love Story
650 #4 - SUBJECT ADDED ENTRY--TOPICAL TERM
Topical term or geographic name entry element manga gender bender
650 #4 - SUBJECT ADDED ENTRY--TOPICAL TERM
Topical term or geographic name entry element japanische mode
650 #4 - SUBJECT ADDED ENTRY--TOPICAL TERM
Topical term or geographic name entry element kawaii style
650 #4 - SUBJECT ADDED ENTRY--TOPICAL TERM
Topical term or geographic name entry element Manga Buch
650 #4 - SUBJECT ADDED ENTRY--TOPICAL TERM
Topical term or geographic name entry element genderbender
650 #4 - SUBJECT ADDED ENTRY--TOPICAL TERM
Topical term or geographic name entry element tokyo style
650 #4 - SUBJECT ADDED ENTRY--TOPICAL TERM
Topical term or geographic name entry element harajuku fashion
650 #4 - SUBJECT ADDED ENTRY--TOPICAL TERM
Topical term or geographic name entry element anime bücher zum lesen
650 #4 - SUBJECT ADDED ENTRY--TOPICAL TERM
Topical term or geographic name entry element japanische Leserichtung
951 ## - EQUIVALENCE OR CROSS-REFERENCE--GEOGRAPHIC NAME/AREA NAME [OBSOLETE] [CAN/MARC only]
Geographic name BO
700 0# - ADDED ENTRY--PERSONAL NAME
Personal name Tamekou
Relator term VerfasserIn
Relationship aut
700 1# - ADDED ENTRY--PERSONAL NAME
Personal name Klink, Anne
Relator term ÜbersetzerIn
Relationship trl
776 1# - ADDITIONAL PHYSICAL FORM ENTRY
International Standard Book Number 9783551622907
776 08 - ADDITIONAL PHYSICAL FORM ENTRY
Relationship information Erscheint auch als
Note Druck-Ausgabe
International Standard Book Number 9783551622907
856 40 - ELECTRONIC LOCATION AND ACCESS
Uniform Resource Identifier <a href="https://nbn-resolving.org/urn:nbn:de:gbv:18-epflicht-304952">https://nbn-resolving.org/urn:nbn:de:gbv:18-epflicht-304952</a>
Contact for access assistance X:EPF
Public note lizenzpflichtig
Access status 1
942 ## - ADDED ENTRY ELEMENTS (KOHA)
Source of classification or shelving scheme Dewey Decimal Classification
Koha item type Manga
Suppress in OPAC No
Exemplare
Withdrawn status Lost status Source of classification or shelving scheme Damaged status Not for loan Home library Current library Shelving location Date acquired Total checkouts Barcode Date last seen Price effective from Koha item type
    Dewey Decimal Classification     Bunte Manga Potsdam Bunte Manga Potsdam Romance Hetero 03/10/2026   1515 03/10/2026 03/10/2026 Manga

Powered by Koha